Human physiology: the mechanisms of body function. (3rd edition) (Record no. 76232)
[ view plain ]
| 000 -LEADER | |
|---|---|
| fixed length control field | 00853nam a2200205 a 4500 |
| 008 - FIXED-LENGTH DATA ELEMENTS--GENERAL INFORMATION | |
| fixed length control field | 120416s1980 ||||||||||||||||| || u |
| 020 ## - INTERNATIONAL STANDARD BOOK NUMBER | |
| International Standard Book Number | 0070669619 |
| 050 ## - LIBRARY OF CONGRESS CALL NUMBER | |
| Classification number | QP 34.5 Van |
| 100 ## - MAIN ENTRY--PERSONAL NAME | |
| Personal name | Vander, Arthur J |
| 245 10 - TITLE STATEMENT | |
| Title | Human physiology: the mechanisms of body function. (3rd edition) |
| 250 ## - EDITION STATEMENT | |
| Edition statement | 3rd ed. |
| 260 ## - PUBLICATION, DISTRIBUTION, ETC. | |
| Place of publication, distribution, etc. | New York: |
| Name of publisher, distributor, etc. | McGraw-Hill |
| Date of publication, distribution, etc. | 1980 |
| 300 ## - PHYSICAL DESCRIPTION | |
| Extent | x, 724 pages : illustrations |
| 350 ## - | |
| -- | 0.00 |
| 650 ## - SUBJECT ADDED ENTRY--TOPICAL TERM | |
| Topical term or geographic name entry element | PHYSIOLOGY |
| 650 #0 - SUBJECT ADDED ENTRY--TOPICAL TERM | |
| Topical term or geographic name entry element | HUMAN PHYSIOLOGY |
| 700 ## - ADDED ENTRY--PERSONAL NAME | |
| Personal name | Luciano, Dorothy S |
| 995 ## - | |
| -- | MEDICAL LIBRARY OPEN ACCESS |
| -- | 903064 |
| -- | CBU-SCHOOL OF MEDICINE LIBRARY (Ndola) |
| -- | 0.00 |
| -- | QP 34.5 Van |
| -- | 2 |
| -- | AVAILABLE |
| -- | Sep 7, 2015 |
| -- | 903064 |
| -- | Medical Library Open Access Collection |
| 995 ## - | |
| -- | MAIN LIBRARY OPEN ACCESS |
| -- | 0.00 |
| -- | 015088 |
| -- | CBU-MAIN LIBRARY (Kitwe) |
| -- | 1 |
| -- | 11.95 |
| -- | QP 34.5 Van |
| -- | AVAILABLE |
| -- | 015088 |
| -- | Main Library Open Access Collection |
| 999 ## - | |
| -- | 76232 |
| -- | 76232 |
No items available.